[Event "GRE-ch (Women) 42nd"]
[Site "Thessaloniki"]
[Date "2019.11.28"]
[Round "9"]
[White "Koutsidi, Amalia"]
[Black "Pavlidou, Ekaterini"]
[Result "1/2-1/2"]
[WhiteElo "1724"]
[BlackElo "2183"]
[PlyCount "59"]
[EventDate "2019.11.20"]
[EventType "tourn"]
[EventRounds "9"]
[EventCountry "GRE"]
[SourceTitle "CBM 193 Extra"]
[Source "ChessBase"]
[SourceDate "2020.01.31"]
[SourceVersion "1"]
[SourceVersionDate "2020.01.31"]
[SourceQuality "1"]

1. e4 c5 2. Nf3 Nc6 3. Bb5 Nf6 4. e5 Nd5 5. Nc3 e6 6. 0-0 Be7 7. Nxd5 exd5 8. d4 a6 9. Be2 cxd4 10. Nxd4 d6 11. exd6 Qxd6 12. Re1 0-0 13. Bf3 Bf6 14. Ne2 Be6 15. g3 Rad8 16. c3 Rfe8 17. Bf4 Qc5 18. Be3 Qa5 19. Nd4 Ne5 20. Bg2 Bg4 21. Qc2 Nc4 22. Nb3 Qa4 23. Bf1 Ne5 24. Bg2 Qd7 25. Nd4 Bh3 26. Bf4 Ng6 27. Be3 Ne5 28. Bf4 Ng6 29. Be3 Ne5 30. Bf4 1/2-1/2

[Event "GRE-ch (Women) 42nd"]
[Site "Thessaloniki"]
[Date "2019.11.22"]
[Round "3"]
[White "Koutsidi, Amalia"]
[Black "Markantonaki, Haritomeni"]
[Result "1-0"]
[WhiteElo "1724"]
[BlackElo "2178"]
[PlyCount "75"]
[EventDate "2019.11.20"]
[EventType "tourn"]
[EventRounds "9"]
[EventCountry "GRE"]
[SourceTitle "CBM 193 Extra"]
[Source "ChessBase"]
[SourceDate "2020.01.31"]
[SourceVersion "1"]
[SourceVersionDate "2020.01.31"]
[SourceQuality "1"]

1. e4 c5 2. Nf3 e6 3. c3 d5 4. exd5 Qxd5 5. d4 Nf6 6. Bd3 Nc6 7. Be3 cxd4 8. cxd4 Be7 9. Nc3 Qd8 10. a3 0-0 11. 0-0 b6 12. Qe2 Bb7 13. Rad1 Rc8 14. Rfe1 Qc7 15. Bg5 Rfd8 16. Bb1 Na5 17. Ne5 Nc4 18. Nb5 Qb8 19. Nxc4 Rd5 20. Ne5 Ba6 21. a4 Qb7 22. Bxf6 gxf6 23. Qh5 Bb4 24. Qxh7+ Kf8 25. Qh6+ Ke7 26. Ng4 Bxe1 27. Qxf6+ Kf8 28. Rxe1 Bxb5 29. axb5 Rxb5 30. h4 Rxb2 31. h5 Ke8 32. Ne5 Qe7 33. Qf4 Rc7 34. h6 f6 35. Ng6 Qf7 36. Bf5 Rc6 37. d5 Qc7 38. dxc6 1-0

[Event "GRE-chT 46th"]
[Site "Rio Achaia"]
[Date "2018.07.12"]
[Round "4.14"]
[White "Zacharia, Aikaterini Eirini"]
[Black "Koutsidi, Amalia"]
[Result "0-1"]
[WhiteElo "1234"]
[BlackElo "1911"]
[PlyCount "48"]
[EventDate "2018.07.10"]
[EventType "team"]
[EventRounds "7"]
[EventCountry "GRE"]
[SourceTitle "CBM 185 Extra"]
[Source "ChessBase"]
[SourceDate "2018.07.29"]
[SourceVersion "1"]
[SourceVersionDate "2018.07.29"]
[SourceQuality "1"]
[WhiteTeam "Asos Rodou Hippotis"]
[BlackTeam "You Go You"]
[WhiteTeamCountry "GRE"]
[BlackTeamCountry "GRE"]

1. e4 c5 2. Nf3 d6 3. d4 cxd4 4. Nxd4 Nf6 5. Nc3 a6 6. Bg5 Nbd7 7. Qe2 Qc7 8. 0-0-0 e6 9. f4 Be7 10. Qf3 b5 11. a3 Bb7 12. Rg1 Rc8 13. Bxf6 Nxf6 14. Qd3 Qc5 15. Nf3 b4 16. axb4 Qxb4 17. Re1 0-0 18. g4 Nd7 19. f5 Bf6 20. Re3 Nc5 21. Qxd6 Nb3+ 22. cxb3 Qxd6 23. g5 Bxc3 24. bxc3 Qf4 0-1

[Event "GRE-ch U20 Girls"]
[Site "Chania"]
[Date "2018.04.15"]
[Round "8"]
[White "Koutsidi, Amalia"]
[Black "Karavitaki, Evaggelia"]
[Result "1/2-1/2"]
[WhiteElo "1838"]
[BlackElo "1733"]
[PlyCount "96"]
[EventDate "2018.04.10"]
[EventType "swiss"]
[EventRounds "9"]
[EventCountry "GRE"]
[SourceTitle "CBM 184 Extra"]
[Source "ChessBase"]
[SourceDate "2018.06.28"]
[SourceVersion "1"]
[SourceVersionDate "2018.06.28"]
[SourceQuality "1"]
[WhiteTeam "Greece"]
[BlackTeam "Greece"]
[WhiteTeamCountry "GRE"]
[BlackTeamCountry "GRE"]

1. e4 c5 2. Nf3 e6 3. d4 cxd4 4. Nxd4 Nc6 5. Nc3 Qc7 6. Nb3 a6 7. Bd3 Nf6 8. f4 d6 9. Be3 Be7 10. 0-0 0-0 11. g4 Nb4 12. g5 Nd7 13. Qh5 Re8 14. a3 Nxd3 15. cxd3 g6 16. Qg4 Bf8 17. Rac1 Qd8 18. h4 b5 19. h5 Bg7 20. hxg6 hxg6 21. Qg3 Bb7 22. Bd4 e5 23. Be3 exf4 24. Qxf4 Qe7 25. Na5 Ne5 26. Nxb7 Qxb7 27. Rfd1 Qd7 28. Nd5 Qg4+ 29. Qxg4 Nxg4 30. Bb6 Bxb2 31. Rb1 Bxa3 32. Nc7 Rec8 33. Nxa8 Rxa8 34. Rb3 b4 35. d4 a5 36. Rg3 f5 37. exf5 gxf5 38. Rf3 a4 39. d5 b3 40. Bd4 Bb4 41. Rb1 Ne5 42. Rh3 Bc5 43. Bf2 Rb8 44. Rc3 Bb4 45. Rh3 Bc5 46. Rc3 Bb4 47. Rh3 Bc5 48. Rc3 Bb4 1/2-1/2

[Event "GRE-ch U20 Girls"]
[Site "Chania"]
[Date "2018.04.13"]
[Round "5"]
[White "Vozinaki, Anthi Maria"]
[Black "Koutsidi, Amalia"]
[Result "1/2-1/2"]
[WhiteElo "1954"]
[BlackElo "1838"]
[PlyCount "120"]
[EventDate "2018.04.10"]
[EventType "swiss"]
[EventRounds "9"]
[EventCountry "GRE"]
[SourceTitle "CBM 184 Extra"]
[Source "ChessBase"]
[SourceDate "2018.06.28"]
[SourceVersion "1"]
[SourceVersionDate "2018.06.28"]
[SourceQuality "1"]
[WhiteTeam "Greece"]
[BlackTeam "Greece"]
[WhiteTeamCountry "GRE"]
[BlackTeamCountry "GRE"]

1. e4 c5 2. Nf3 g6 3. d4 cxd4 4. Nxd4 Bg7 5. c4 Nc6 6. Be3 Nf6 7. Nc3 Ng4 8. Qxg4 Nxd4 9. Qd1 Ne6 10. Rc1 Qa5 11. Qd2 b6 12. Be2 Bb7 13. f3 g5 14. 0-0 Be5 15. Rfd1 d6 16. a3 Bf4 17. Bxf4 Nxf4 18. Bf1 Qc5+ 19. Kh1 Qe5 20. Nd5 Bxd5 21. cxd5 0-0 22. Rc7 h5 23. Rdc1 g4 24. R1c3 Ng6 25. fxg4 hxg4 26. Qd1 Qxe4 27. R7c4 Qe5 28. Qxg4 Kg7 29. Re4 Qf6 30. Rf3 Qxb2 31. Rxe7 Qd2 32. h4 Qh6 33. Rh3 Qf4 34. Qxf4 Nxf4 35. Rg3+ Kh6 36. Rg5 Ng6 37. Rd7 Nxh4 38. Rg4 Ng6 39. Rxd6 Rad8 40. Rxd8 Rxd8 41. Rd4 Rd6 42. Kg1 Kg5 43. Bc4 Kf5 44. Kf2 Ke5 45. Ke3 f5 46. g4 Ne7 47. Rf4 fxg4 48. Re4+ Kf6 49. Rxg4 Nxd5+ 50. Bxd5 Rxd5 51. Ke4 Ra5 52. Rg3 Ra4+ 53. Kd5 Kf5 54. Rf3+ Kg5 55. Rb3 Kf6 56. Rc3 Ke7 57. Rc7+ Kd8 58. Rc3 Kd7 59. Rh3 Ra5+ 60. Kc4 Kc6 1/2-1/2

[Event "GRE-ch U20 Girls"]
[Site "Chania"]
[Date "2018.04.12"]
[Round "4"]
[White "Salahidou, Reveka"]
[Black "Koutsidi, Amalia"]
[Result "0-1"]
[WhiteElo "1962"]
[BlackElo "1838"]
[PlyCount "116"]
[EventDate "2018.04.10"]
[EventType "swiss"]
[EventRounds "9"]
[EventCountry "GRE"]
[SourceTitle "CBM 184 Extra"]
[Source "ChessBase"]
[SourceDate "2018.06.28"]
[SourceVersion "1"]
[SourceVersionDate "2018.06.28"]
[SourceQuality "1"]
[WhiteTeam "Greece"]
[BlackTeam "Greece"]
[WhiteTeamCountry "GRE"]
[BlackTeamCountry "GRE"]

1. e4 c5 2. Nf3 d6 3. d4 cxd4 4. Nxd4 Nf6 5. Nc3 a6 6. Be2 e5 7. Nb3 Be7 8. f3 Be6 9. Nd5 Nxd5 10. exd5 Bf5 11. a4 Nd7 12. a5 Nc5 13. Nxc5 dxc5 14. 0-0 0-0 15. c4 Bg6 16. Be3 f5 17. Bf2 Rc8 18. Re1 Bf6 19. b4 e4 20. Bxc5 Bxa1 21. Qxa1 Re8 22. f4 Qd7 23. Bd4 Re7 24. Qc3 Bf7 25. Rd1 Qe8 26. d6 Rd7 27. Bxg7 Bh5 28. Bxh5 Qxh5 29. Rd2 Rxg7 30. Qf6 Rd7 31. Rd5 Qf7 32. Qg5+ Qg6 33. Rxf5 Qxg5 34. Rxg5+ Kf7 35. c5 h6 36. Rh5 Kg7 37. Re5 Kf6 38. Kf2 Kf7 39. Ke3 Re8 40. Rh5 Kg7 41. Rd5 Kg6 42. g4 Rh7 43. h4 Kf6 44. Rf5+ Ke6 45. Re5+ Kd7 46. Rxe8 Kxe8 47. Kxe4 Kf7 48. Kf5 Rh8 49. g5 hxg5 50. hxg5 Rh5 51. b5 axb5 52. a6 bxa6 53. c6 Ke8 54. Ke6 Rh1 55. g6 Re1+ 56. Kf6 b4 57. g7 Rg1 58. f5 b3 0-1

[Event "GRE-ch Schools Lykeia 30th"]
[Site "Peristeri"]
[Date "2018.04.02"]
[Round "7"]
[White "Leiloglou, Nikolaos"]
[Black "Koutsidi, Amalia"]
[Result "1-0"]
[WhiteElo "1543"]
[BlackElo "1850"]
[PlyCount "65"]
[EventDate "2018.04.01"]
[EventType "swiss (rapid)"]
[EventRounds "9"]
[EventCountry "GRE"]
[SourceTitle "EXT 2019"]
[Source "ChessBase"]
[SourceDate "2018.10.10"]
[SourceVersion "1"]
[SourceVersionDate "2018.10.10"]
[SourceQuality "1"]

1. d4 Nf6 2. Nf3 e6 3. Bf4 d5 4. e3 c5 5. c3 Bd6 6. Bg3 0-0 7. Nbd2 b6 8. Bd3 Ba6 9. Bxa6 Nxa6 10. Qe2 Nc7 11. 0-0 Bxg3 12. hxg3 Qd6 13. e4 dxe4 14. Nxe4 Nxe4 15. Qxe4 Nd5 16. dxc5 Qxc5 17. Qh4 Rad8 18. Rfe1 Nf6 19. g4 Qc4 20. Ne5 Qf4 21. g3 Qd2 22. g5 Nd7 23. Nc6 Rde8 24. Rad1 Qxb2 25. Rxd7 Qxc3 26. Qe4 a5 27. Ne7+ Kh8 28. Kg2 g6 29. Rh1 Kg7 30. Qh4 Rh8 31. Qf4 Rd8 32. Nd5 Rxd7 33. Nxc3 1-0

[Event "GRE-ch Schools Lykeia 30th"]
[Site "Peristeri"]
[Date "2018.04.01"]
[Round "1"]
[White "Andreou, Georgios Andreas"]
[Black "Koutsidi, Amalia"]
[Result "0-1"]
[WhiteElo "1191"]
[BlackElo "1850"]
[PlyCount "108"]
[EventDate "2018.04.01"]
[EventType "swiss (rapid)"]
[EventRounds "9"]
[EventCountry "GRE"]
[SourceTitle "EXT 2019"]
[Source "ChessBase"]
[SourceDate "2018.10.10"]
[SourceVersion "1"]
[SourceVersionDate "2018.10.10"]
[SourceQuality "1"]

1. d4 Nf6 2. Nf3 e6 3. Bf4 d5 4. c3 c5 5. e3 Bd6 6. Bxd6 Qxd6 7. Bd3 0-0 8. 0-0 Nc6 9. Nbd2 Bd7 10. Re1 a6 11. e4 dxe4 12. Nxe4 Nxe4 13. Bxe4 cxd4 14. Nxd4 Nxd4 15. cxd4 Bc6 16. Rc1 Bxe4 17. Rxe4 Rac8 18. Rc3 Qd5 19. Rh4 Rxc3 20. bxc3 Qxa2 21. g3 Qd5 22. Rh5 Qe4 23. Rc5 Rd8 24. Qb3 h6 25. Rc7 b5 26. Ra7 Qc6 27. Qa3 Rc8 28. Qxa6 Qxa6 29. Rxa6 Rxc3 30. Rb6 Rb3 31. Kf1 Rb2 32. Ke1 h5 33. h4 g6 34. Rb7 Kg7 35. Rd7 b4 36. d5 exd5 37. Rxd5 Kf6 38. Rd3 Ke5 39. Rf3 f6 40. Kd1 g5 41. Kc1 Re2 42. Kd1 Re4 43. hxg5 fxg5 44. Kd2 h4 45. gxh4 gxh4 46. Rh3 Rf4 47. Re3+ Kf5 48. Ke2 Kg4 49. f3+ Kg3 50. Re4 Rxe4+ 51. fxe4 h3 52. e5 h2 53. e6 h1Q 54. e7 Qe4+ 0-1

[Event "GRE-ch Schools Lykeia 30th"]
[Site "Peristeri"]
[Date "2018.04.01"]
[Round "3"]
[White "Giatrakos, Orestis"]
[Black "Koutsidi, Amalia"]
[Result "1/2-1/2"]
[WhiteElo "1873"]
[BlackElo "1850"]
[PlyCount "95"]
[EventDate "2018.04.01"]
[EventType "swiss (rapid)"]
[EventRounds "9"]
[EventCountry "GRE"]
[SourceTitle "EXT 2019"]
[Source "ChessBase"]
[SourceDate "2018.10.10"]
[SourceVersion "1"]
[SourceVersionDate "2018.10.10"]
[SourceQuality "1"]

1. e4 c5 2. Nf3 Nc6 3. c3 d5 4. exd5 Qxd5 5. Na3 Bg4 6. Be2 a6 7. 0-0 Nf6 8. h3 Bh5 9. d3 e6 10. Nc4 Rd8 11. Ne3 Qd7 12. Ne1 Bg6 13. Ng4 Nxg4 14. hxg4 Ne5 15. Bf4 Nxd3 16. Nxd3 Bxd3 17. Bxd3 Qxd3 18. Qb3 Qd5 19. Qa4+ Qd7 20. Qb3 Qc6 21. Rfd1 Be7 22. Rxd8+ Bxd8 23. Rd1 0-0 24. Bd6 Re8 25. Qc4 Bb6 26. Be5 Rd8 27. Rxd8+ Bxd8 28. Qd3 Qd5 29. Qxd5 exd5 30. Bd6 b6 31. Kf1 f6 32. f4 Kf7 33. f5 g6 34. Ke2 Be7 35. Bc7 b5 36. Kd3 h5 37. gxh5 gxh5 38. b3 Kg7 39. c4 bxc4+ 40. bxc4 d4 41. Ke4 Kf7 42. Kd5 Ke8 43. Ke6 Bd8 44. Bf4 Be7 45. a4 Bd8 46. Bd2 Be7 47. Bf4 Bd8 48. Bd2 1/2-1/2

[Event "EU-ch U16 Girls 27th"]
[Site "Mamaia"]
[Date "2017.09.09"]
[Round "5"]
[White "Koutsidi, Amalia"]
[Black "Manova, Ivana"]
[Result "1/2-1/2"]
[WhiteElo "1901"]
[BlackElo "1760"]
[PlyCount "77"]
[EventDate "2017.09.05"]
[EventType "swiss"]
[EventRounds "9"]
[EventCountry "ROU"]
[SourceTitle "EXT 2018"]
[Source "ChessBase"]
[SourceDate "2017.10.13"]
[SourceVersion "1"]
[SourceVersionDate "2017.10.13"]
[SourceQuality "1"]

1. e4 e5 2. Nf3 Nc6 3. d4 exd4 4. Bc4 Nf6 5. e5 d5 6. Bb5 Ne4 7. Nxd4 Bc5 8. Be3 Bd7 9. Bxc6 bxc6 10. 0-0 0-0 11. f3 Ng5 12. f4 Ne4 13. Nd2 Nxd2 14. Qxd2 Bb6 15. c3 f6 16. exf6 Qxf6 17. Nb3 Rae8 18. Rae1 Qh4 19. Nc5 Rxe3 20. Qxe3 Re8 21. Qf2 Qxf2+ 22. Kxf2 Bxc5+ 23. Kf3 Rxe1 24. Rxe1 Kf7 25. g4 g6 26. h3 Be7 27. Ke3 Ke6 28. Kd3+ Kd6 29. b3 c5 30. c4 d4 31. a3 Bh4 32. Rf1 Bf6 33. Rf2 a5 34. a4 Ke6 35. Re2+ Kf7 36. Re1 Bc6 37. Re2 h5 38. Rf2 Bh4 39. Re2 1/2-1/2

[Event "EU-ch U16 Girls 27th"]
[Site "Mamaia"]
[Date "2017.09.06"]
[Round "2"]
[White "Vilimova, Julie"]
[Black "Koutsidi, Amalia"]
[Result "0-1"]
[WhiteElo "1741"]
[BlackElo "1901"]
[PlyCount "140"]
[EventDate "2017.09.05"]
[EventType "swiss"]
[EventRounds "9"]
[EventCountry "ROU"]
[SourceTitle "CBM 180 Extra"]
[Source "ChessBase"]
[SourceDate "2017.10.06"]
[SourceVersion "1"]
[SourceVersionDate "2017.10.06"]
[SourceQuality "1"]

1. d4 Nf6 2. c4 e6 3. Nc3 Bb4 4. Qc2 Nc6 5. e3 0-0 6. a3 Bxc3+ 7. Qxc3 a5 8. Bd3 d6 9. Ne2 e5 10. 0-0 Re8 11. b3 Bg4 12. Ng3 b6 13. f3 Bd7 14. Bb2 Qe7 15. Rfe1 Qf8 16. Qc2 h6 17. Rad1 Re7 18. Re2 Rae8 19. Rde1 exd4 20. exd4 Rxe2 21. Rxe2 Rxe2 22. Qxe2 Qe8 23. Qxe8+ Nxe8 24. f4 f6 25. Nf5 Kf7 26. d5 Ne7 27. Nd4 g6 28. Kf2 Ng7 29. Kf3 Ngf5 30. g4 Nxd4+ 31. Bxd4 h5 32. h3 hxg4+ 33. hxg4 g5 34. f5 Ng8 35. b4 axb4 36. axb4 Nh6 37. c5 bxc5 38. bxc5 Ba4 39. Be2 Ke7 40. cxd6+ cxd6 41. Ke3 Nf7 42. Kd2 Bb3 43. Bf3 Ne5 44. Bxe5 dxe5 45. Kc3 Ba2 46. Kb2 Bc4 47. Kc3 Ba6 48. Kd2 Kd6 49. Ke3 Bc4 50. Be4 Bxd5 51. Bc2 Kc5 52. Bd3 Kb4 53. Bc2 Kc3 54. Bd1 Bb3 55. Bf3 Bc2 56. Be2 e4 57. Bf1 Bd1 58. Ba6 Bxg4 59. Kxe4 Kb4 60. Bc8 Kc5 61. Be6 Bd1 62. Bf7 Bc2+ 63. Kf3 Bxf5 64. Ke3 Bb1 65. Be6 Kd6 66. Bh3 Ke5 67. Kf3 f5 68. Ke3 g4 69. Bg2 f4+ 70. Kf2 g3+ 0-1

[Event "EU-ch U16 Girls 27th"]
[Site "Mamaia"]
[Date "2017.09.05"]
[Round "1"]
[White "Koutsidi, Amalia"]
[Black "Maltsevskaya, Aleksandra"]
[Result "0-1"]
[WhiteElo "1901"]
[BlackElo "2271"]
[PlyCount "84"]
[EventDate "2017.09.05"]
[EventType "swiss"]
[EventRounds "9"]
[EventCountry "ROU"]
[SourceTitle "CBM 180 Extra"]
[Source "ChessBase"]
[SourceDate "2017.10.06"]
[SourceVersion "1"]
[SourceVersionDate "2017.10.06"]
[SourceQuality "1"]

1. e4 c5 2. Nf3 e6 3. d4 cxd4 4. Nxd4 Nc6 5. Nb5 d6 6. c4 Nf6 7. N1c3 a6 8. Na3 Be7 9. Be2 0-0 10. 0-0 b6 11. Be3 Ne5 12. f4 Ned7 13. Bf3 Bb7 14. Qd2 Qc7 15. Rfe1 Rac8 16. Rac1 Qb8 17. Qe2 Rfe8 18. Bf2 Qa8 19. Red1 Nc5 20. Bxc5 bxc5 21. e5 Bxf3 22. Qxf3 Qxf3 23. gxf3 dxe5 24. fxe5 Nh5 25. Ne4 Red8 26. Kf2 f5 27. exf6 gxf6 28. Nc2 f5 29. Ng3 Bh4 30. Kg2 Nf4+ 31. Kf1 Nd3 32. Rb1 Ne5 33. Rxd8+ Rxd8 34. Re1 Nxf3 35. Rxe6 Kf7 36. Re2 Nd2+ 37. Kg2 f4 38. Rf2 f3+ 39. Kh3 Bxg3 40. hxg3 Kg6 41. Ne1 Ne4 42. Rf1 Rd1 0-1

[Event "GRE-chT 45th"]
[Site "Achaia"]
[Date "2017.07.08"]
[Round "7.2"]
[White "Koutsidi, Amalia"]
[Black "Bastianou, Chrysoula"]
[Result "1-0"]
[WhiteElo "1772"]
[BlackElo "1547"]
[PlyCount "55"]
[EventDate "2017.07.03"]
[EventType "team-swiss"]
[EventRounds "7"]
[EventCountry "GRE"]
[SourceTitle "CBM 179 Extra"]
[Source "ChessBase"]
[SourceDate "2017.08.23"]
[SourceVersion "1"]
[SourceVersionDate "2017.08.23"]
[SourceQuality "1"]
[WhiteTeam "Irakleiou Attikis"]
[BlackTeam "Nice Fysiolatris"]
[WhiteTeamCountry "GRE"]
[BlackTeamCountry "GRE"]

1. e4 e6 2. d4 d5 3. Nc3 Nf6 4. Bg5 dxe4 5. Nxe4 Be7 6. Nxf6+ Bxf6 7. Bxf6 Qxf6 8. c3 0-0 9. Qf3 Qh6 10. Qg3 e5 11. dxe5 Rd8 12. Nf3 Qb6 13. b3 Qc6 14. Nd4 Qe4+ 15. Be2 c5 16. Nb5 Nc6 17. f4 Ne7 18. Nd6 Qc2 19. Qd3 Bf5 20. Qxc2 Bxc2 21. Nxb7 Rdc8 22. Nd6 Rd8 23. Bc4 Bg6 24. g4 Rxd6 25. exd6 Be4 26. dxe7 Re8 27. Rf1 Rxe7 28. Kf2 1-0

[Event "GRE-ch U20 Girls"]
[Site "Chania"]
[Date "2017.01.08"]
[Round "9.1"]
[White "Koutsidi, Amalia"]
[Black "Karathanasi, Eirhnh"]
[Result "1-0"]
[WhiteElo "1682"]
[BlackElo "1666"]
[PlyCount "49"]
[EventDate "2017.01.02"]
[EventType "swiss"]
[EventRounds "9"]
[EventCountry "GRE"]
[SourceTitle "EXT 2024"]
[Source "ChessBase"]
[SourceDate "2023.10.10"]
[SourceVersion "1"]
[SourceVersionDate "2023.10.10"]
[SourceQuality "1"]

1. e4 c5 2. Nf3 d6 3. d4 cxd4 4. Nxd4 Nf6 5. Nc3 a6 6. Be2 e6 7. 0-0 Be7 8. f4 Qc7 9. Be3 b5 10. e5 dxe5 11. fxe5 Nfd7 12. Bf3 Bb7 13. Bxb7 Qxb7 14. Qg4 g6 15. Qf4 Rf8 16. Rad1 Nb6 17. Qf2 Bc5 18. Ndxb5 axb5 19. Bxc5 Nc4 20. Bxf8 Kxf8 21. Rd8+ Kg7 22. Qf6+ Kh6 23. Rg8 Qb6+ 24. Kh1 Qd4 25. Rf4 1-0

[Event "GRE-ch U20 Girls"]
[Site "Chania"]
[Date "2017.01.05"]
[Round "6.3"]
[White "Koutsidi, Amalia"]
[Black "Louka, Magdalini"]
[Result "1-0"]
[WhiteElo "1682"]
[BlackElo "1797"]
[PlyCount "47"]
[EventDate "2017.01.02"]
[EventType "swiss"]
[EventRounds "9"]
[EventCountry "GRE"]
[SourceTitle "EXT 2024"]
[Source "ChessBase"]
[SourceDate "2023.10.10"]
[SourceVersion "1"]
[SourceVersionDate "2023.10.10"]
[SourceQuality "1"]

1. e4 c5 2. Nf3 e6 3. d4 cxd4 4. Nxd4 Nc6 5. Nc3 Qc7 6. Nb3 a6 7. Bd3 Nf6 8. Be3 b5 9. 0-0 d6 10. f4 Be7 11. Qf3 Bb7 12. Rae1 0-0 13. a4 b4 14. Nb1 Na5 15. Nxa5 Qxa5 16. b3 e5 17. Nd2 Nd7 18. fxe5 Nxe5 19. Qg3 Kh8 20. Nc4 Nxc4 21. Bxc4 Bf6 22. Rxf6 gxf6 23. Bd4 Qd8 24. Qg5 1-0

[Event "GRE-ch U20 Girls"]
[Site "Chania"]
[Date "2017.01.02"]
[Round "1.8"]
[White "Karavitaki, Antonia"]
[Black "Koutsidi, Amalia"]
[Result "0-1"]
[WhiteElo "1107"]
[BlackElo "1682"]
[PlyCount "80"]
[EventDate "2017.01.02"]
[EventType "swiss"]
[EventRounds "9"]
[EventCountry "GRE"]
[SourceTitle "EXT 2024"]
[Source "ChessBase"]
[SourceDate "2023.10.10"]
[SourceVersion "1"]
[SourceVersionDate "2023.10.10"]
[SourceQuality "1"]

1. e4 c5 2. Nf3 Nc6 3. d4 cxd4 4. Nxd4 g6 5. c4 Bg7 6. Be3 Nf6 7. Nc3 d6 8. Be2 0-0 9. 0-0 Bd7 10. Qd2 Nxd4 11. Bxd4 Bc6 12. f3 a5 13. b3 Nd7 14. Be3 Nc5 15. Rab1 Be5 16. Rfc1 e6 17. Bf4 Bxf4 18. Qxf4 Qe7 19. Rd1 Rfd8 20. a3 b6 21. b4 axb4 22. axb4 Na4 23. Rb3 Nxc3 24. Rxc3 Ra4 25. Rb1 Bb7 26. c5 dxc5 27. bxc5 bxc5 28. Qe5 Ra5 29. Bb5 Rc8 30. Rc4 Ba6 31. Bxa6 Rxa6 32. Rb5 Rac6 33. Rb8 f6 34. Rxc8+ Rxc8 35. Qc3 Kf7 36. e5 f5 37. f4 Qd7 38. g3 Qd5 39. Qb3 Ra8 40. Qc3 Ra2 0-1

[Event "Heraklion Gazi op 12th"]
[Site "Malevizi"]
[Date "2016.08.03"]
[Round "7"]
[White "Klokas, Konstantinos"]
[Black "Koutsidi, Amalia"]
[Result "1-0"]
[WhiteElo "2106"]
[BlackElo "1582"]
[PlyCount "83"]
[EventDate "2016.07.28"]
[EventType "swiss"]
[EventRounds "9"]
[EventCountry "GRE"]
[SourceTitle "CBM 173 Extra"]
[Source "ChessBase"]
[SourceDate "2016.08.29"]
[SourceVersion "1"]
[SourceVersionDate "2016.08.29"]
[SourceQuality "1"]

1. e4 c5 2. Nf3 Nc6 3. d4 cxd4 4. Nxd4 g6 5. c4 Bg7 6. Be3 Nf6 7. Nc3 0-0 8. Be2 d6 9. 0-0 Bd7 10. f3 Nxd4 11. Bxd4 Bc6 12. Qd2 Nd7 13. Be3 Nc5 14. Rab1 b6 15. b4 Nd7 16. a3 Be5 17. Rbc1 e6 18. Bg5 f6 19. Bh6 Re8 20. Nb5 Bxb5 21. cxb5 f5 22. f4 Bh8 23. exf5 gxf5 24. Qxd6 Nf6 25. Rfd1 Qxd6 26. Rxd6 Ne4 27. Rd7 Nc3 28. Bh5 Bf6 29. Bf7+ Kh8 30. Rxc3 Bxc3 31. Bxe8 Rxe8 32. Rxa7 Kg8 33. Kf2 Rd8 34. Ke3 Bd2+ 35. Ke2 Bc1 36. a4 Rd2+ 37. Kf3 Rd3+ 38. Kf2 Rb3 39. Rg7+ Kh8 40. Rc7 Be3+ 41. Ke2 Kg8 42. Rg7+ 1-0

[Event "GRE-chT 44th"]
[Site "Achaia"]
[Date "2016.07.08"]
[Round "5.6"]
[White "Koutsidi, Amalia"]
[Black "Kokkota, Eleni"]
[Result "1/2-1/2"]
[WhiteElo "1582"]
[BlackElo "1671"]
[PlyCount "104"]
[EventDate "2016.07.05"]
[EventType "team-swiss"]
[EventRounds "7"]
[EventCountry "GRE"]
[SourceTitle "CBM 173 Extra"]
[Source "ChessBase"]
[SourceDate "2016.08.29"]
[SourceVersion "1"]
[SourceVersionDate "2016.08.29"]
[SourceQuality "1"]
[WhiteTeam "Papagou DP"]
[BlackTeam "Corinth Argonaftis"]
[WhiteTeamCountry "GRE"]
[BlackTeamCountry "GRE"]

1. d4 Nf6 2. Nf3 e6 3. e3 d5 4. Bd3 Be7 5. Nbd2 0-0 6. c4 b6 7. e4 dxe4 8. Nxe4 Nbd7 9. 0-0 Bb7 10. Qe2 c5 11. dxc5 Nxe4 12. Bxe4 Bxe4 13. Qxe4 Nxc5 14. Qc2 Qd3 15. Qxd3 Nxd3 16. Ne1 Nc5 17. b3 Bf6 18. Rb1 Ne4 19. Nf3 Nc3 20. Rb2 Rfd8 21. Bg5 Ne4 22. Bxf6 gxf6 23. Re1 Nc5 24. Rd2 Kf8 25. Kf1 Ke7 26. Red1 Ne4 27. Rxd8 Rxd8 28. Rxd8 Kxd8 29. Ke1 a5 30. a3 Nc5 31. Nd2 Kd7 32. Ke2 Kd6 33. Ke3 e5 34. Ne4+ Ke6 35. b4 axb4 36. axb4 Na6 37. b5 Nc7 38. g4 h6 39. f3 Ke7 40. Ng3 Kd6 41. Kd3 Ne6 42. Nf5+ Kc5 43. Nxh6 Ng5 44. Ng8 Nxf3 45. Nxf6 Nxh2 46. Nd7+ Kd6 47. Nxb6 Nxg4 48. Nd5 Nf2+ 49. Ke3 Nd1+ 50. Ke4 Nb2 51. c5+ Kxc5 52. Kxe5 Kxb5 1/2-1/2

[Event "GRE-chT 44th"]
[Site "Achaia"]
[Date "2016.07.07"]
[Round "4.7"]
[White "Iliopoulou, Eleni"]
[Black "Koutsidi, Amalia"]
[Result "1/2-1/2"]
[WhiteElo "1478"]
[BlackElo "1582"]
[PlyCount "64"]
[EventDate "2016.07.05"]
[EventType "team-swiss"]
[EventRounds "7"]
[EventCountry "GRE"]
[SourceTitle "CBM 173 Extra"]
[Source "ChessBase"]
[SourceDate "2016.08.29"]
[SourceVersion "1"]
[SourceVersionDate "2016.08.29"]
[SourceQuality "1"]
[WhiteTeam "Florinas OP"]
[BlackTeam "Papagou DP"]
[WhiteTeamCountry "GRE"]
[BlackTeamCountry "GRE"]

1. c4 e5 2. Nc3 Nc6 3. g3 g6 4. Bg2 Bg7 5. Nf3 d6 6. 0-0 Nge7 7. d3 0-0 8. Rb1 Bd7 9. Bd2 Qc8 10. Qc1 Bh3 11. Bh6 Bxg2 12. Kxg2 Nf5 13. Bxg7 Kxg7 14. Qd2 Ncd4 15. Nxd4 Nxd4 16. e3 Ne6 17. d4 Ng5 18. f4 exf4 19. exf4 Qh3+ 20. Kh1 Ne6 21. d5 Nc5 22. Qd4+ Kg8 23. Rfe1 Rae8 24. Ne4 Nxe4 25. Rxe4 Rxe4 26. Qxe4 Qd7 27. Re1 f5 28. Qe6+ Qxe6 29. Rxe6 Kf7 30. a4 Re8 31. Rxe8 Kxe8 32. Kg2 Kd7 1/2-1/2